Las verdades del desminado Retos y oportunidades del Plan "Paz Colombia" /

Bibliographic Details
Main Author: Ortega Torres, Andrea
Format: eBook
Language:Spanish
Published: Bogot:̀ Universidad Sergio Arboleda, 2016
Subjects:
Online Access:Acceso restringido

MARC

LEADER 00000nam a22000007a 4500
005 20180330170733.0
007 cr|||| ||||
008 180330s2016 co |||||s|||| 00||0 spa d
020 |a 978-958-8987-07-1 
035 |a 21251 
040 |a vLex 
090 |c 7574  |d 7574 
100 1 |a Ortega Torres, Andrea 
245 1 3 |a Las verdades del desminado  |h [Recurso electrn̤ico] :  |b Retos y oportunidades del Plan "Paz Colombia" /  |c Andrea Ortega Torres 
256 |a Servicio en ln̕ea 
260 |a Bogot:̀  |b Universidad Sergio Arboleda,  |c 2016 
300 |a 1 recurso electrn̤ico 
500 |a Colombia emprende el camino hacia la paz y para alcanzarla resulta fundamental eliminar las minas antipersonal, armas que mutilan sueǫs y siembran terror en ms̀ de 700 municipios del pas̕. Las verdades del desminado presenta un anl̀isis completo de esta problemt̀ica y propone una estrategia para la identifiƠcacin̤ y neutralizacin̤ de estos artefactos que permita el retorno de las comunidades a sus territorios en condiciones de seguridad y con plenas garanta̕s de no repeticin̤. 
506 1 |a Disponible solo en los productos indicados  |d vLex Global  |d vLex Global (Academic Edition, excluding Law Schools)  |d vLex Global (U.S. Academic Edition, Law Schools)  |d vLex Global (U.S. Academic Edition, excluding Law Schools)  |d vLex Global (Academic Edition, Law Schools) 
650 0 4 |a Derecho Civil  |z Colombia 
650 0 4 |a Derecho Constitucional  |z Colombia 
740 0 |a vLex Libros (Servicio en ln̕ea) 
856 4 0 |u http://vlex.com/source/verdades-del-desminado-retos-y-oportunidades-del-plan-paz-colombia--21251  |z Acceso restringido 
942 |c BOOK 
999 0 |a Civil Law 
999 0 |a Constitutional Law